[Event "Indore op 1st"]
[Site "Indore"]
[Date "2023.04.07"]
[Round "9"]
[White "Paichadze, Luka"]
[Black "Teterev, Vitaly"]
[Result "1/2-1/2"]
[WhiteElo "2515"]
[BlackElo "2377"]
[PlyCount "86"]
[EventDate "2023.04.01"]
[EventType "swiss"]
[EventRounds "10"]
[EventCountry "IND"]
[SourceTitle "CBM 213 Extra"]
[Source "ChessBase"]
[SourceDate "2023.05.31"]
[SourceVersion "1"]
[SourceVersionDate "2023.05.31"]
[SourceQuality "1"]

1. e4 c5 2. Nf3 d6 3. d4 cxd4 4. Qxd4 Nf6 5. Bg5 a6 6. Nc3 Nc6 7. Qd2 e6 8. 0-0-0 h6 9. Bf4 e5 10. Be3 Be6 11. h3 Qa5 12. a3 0-0-0 13. g4 d5 14. Nxd5 Qxd2+ 15. Rxd2 Nxd5 16. exd5 Bxd5 17. Bg2 Be7 18. Rhd1 Be6 19. Rxd8+ Rxd8 20. Re1 Kc7 21. Bd2 f6 22. Nh4 Bc5 23. Be3 Bxe3+ 24. fxe3 g5 25. Nf5 Bxf5 26. gxf5 Ne7 27. e4 Nc6 28. Bf3 Nd4 29. Bd1 Nb5 30. Re3 Nd6 31. Be2 a5 32. a4 b6 33. c3 Nb7 34. Kc2 Nc5 35. b3 Rh8 36. Bh5 Nb7 37. Re2 Rd8 38. Bf7 Nd6 39. Bh5 Nb7 40. Re3 Rd7 41. Be2 Rh7 42. Bh5 Rd7 43. Be2 Rh7 1/2-1/2

[Event "Indore op 1st"]
[Site "Indore"]
[Date "2023.04.05"]
[Round "7"]
[White "Nitin, Senthilvel"]
[Black "Paichadze, Luka"]
[Result "0-1"]
[WhiteElo "2398"]
[BlackElo "2515"]
[PlyCount "70"]
[EventDate "2023.04.01"]
[EventType "swiss"]
[EventRounds "10"]
[EventCountry "IND"]
[SourceTitle "CBM 213 Extra"]
[Source "ChessBase"]
[SourceDate "2023.05.31"]
[SourceVersion "1"]
[SourceVersionDate "2023.05.31"]
[SourceQuality "1"]

1. e4 c6 2. d4 d5 3. e5 Bf5 4. Nd2 e6 5. Nb3 Nd7 6. Nf3 c5 7. dxc5 Bxc5 8. Nxc5 Nxc5 9. Nd4 Ne7 10. Bb5+ Nd7 11. Bg5 Be4 12. 0-0 0-0 13. Re1 h6 14. Bh4 Nb6 15. a4 Qc7 16. Ra3 a6 17. a5 Nbc8 18. Bf1 Nf5 19. Nxf5 Bxf5 20. Bd3 Bxd3 21. Rxd3 Ne7 22. Bxe7 Qxe7 23. Qg4 Rac8 24. c3 Rc4 25. Rd4 Rfc8 26. Red1 Rxd4 27. Rxd4 Qc7 28. Qe2 Qxa5 29. h4 Qa2 30. Qd2 Rc6 31. Kh2 Rc4 32. Rxc4 Qxc4 33. f4 a5 34. Qf2 b5 35. g3 b4 0-1

[Event "Indore op 1st"]
[Site "Indore"]
[Date "2023.04.03"]
[Round "4"]
[White "Paichadze, Luka"]
[Black "Harsh, Suresh"]
[Result "1-0"]
[WhiteElo "2515"]
[BlackElo "2261"]
[PlyCount "90"]
[EventDate "2023.04.01"]
[EventType "swiss"]
[EventRounds "10"]
[EventCountry "IND"]
[SourceTitle "CBM 213 Extra"]
[Source "ChessBase"]
[SourceDate "2023.05.31"]
[SourceVersion "1"]
[SourceVersionDate "2023.05.31"]
[SourceQuality "1"]

1. e4 c6 2. d4 d5 3. e5 Bf5 4. h4 h5 5. Bd3 Bxd3 6. Qxd3 Qa5+ 7. Nd2 e6 8. Ne2 c5 9. 0-0 Nc6 10. c3 Be7 11. Nf3 cxd4 12. cxd4 Nh6 13. Ng3 Ng4 14. Bg5 g6 15. Rfc1 Qb6 16. Qd2 Bxg5 17. hxg5 0-0 18. Rc3 a5 19. a4 Rfc8 20. Ne2 Rc7 21. Raa3 Rac8 22. Rab3 Qa7 23. Qc1 b6 24. Qd2 Nb4 25. Rxc7 Rxc7 26. Rc3 Rc4 27. b3 Rxc3 28. Nxc3 Qe7 29. Nb5 Nc6 30. Nd6 Qd7 31. Qc1 Nb4 32. Ne1 Nc6 33. Nb5 Kf8 34. Nd3 Qe7 35. Qxc6 Qxg5 36. Qc8+ Kg7 37. Qc1 Qh4 38. Qf4 Qe7 39. f3 Nh6 40. Nd6 Kh7 41. Nf2 g5 42. Qc1 g4 43. fxg4 hxg4 44. Qf4 Qh4 45. Nxf7 Nxf7 1-0

[Event "Indore op 1st"]
[Site "Indore"]
[Date "2023.04.02"]
[Round "2"]
[White "Raahul, VS."]
[Black "Paichadze, Luka"]
[Result "1/2-1/2"]
[WhiteElo "2306"]
[BlackElo "2515"]
[PlyCount "79"]
[EventDate "2023.04.01"]
[EventType "swiss"]
[EventRounds "10"]
[EventCountry "IND"]
[SourceTitle "CBM 213 Extra"]
[Source "ChessBase"]
[SourceDate "2023.05.31"]
[SourceVersion "1"]
[SourceVersionDate "2023.05.31"]
[SourceQuality "1"]

1. d4 Nf6 2. c4 e6 3. Nc3 Bb4 4. e3 0-0 5. Bd3 d5 6. a3 Bxc3+ 7. bxc3 b6 8. cxd5 exd5 9. Ne2 c5 10. 0-0 Ba6 11. Ra2 Bxd3 12. Qxd3 Nc6 13. f3 Re8 14. Ng3 Rc8 15. Re2 h5 16. Bb2 h4 17. Nh1 Nh5 18. Nf2 Re6 19. Nh3 cxd4 20. cxd4 Ne7 21. e4 Ng6 22. Qd2 Rec6 23. e5 Rc2 24. Qxc2 Rxc2 25. Rxc2 Nhf4 26. Nxf4 Nxf4 27. Bc1 Ne6 28. Be3 Qd7 29. f4 g6 30. f5 gxf5 31. Rxf5 Qa4 32. Rc8+ Kg7 33. Rf6 Qxa3 34. Bh6+ Kh7 35. Bc1 Qe7 36. Be3 Kg7 37. Bh6+ Kh7 38. Be3 Kg7 39. Bh6+ Kh7 40. Be3 1/2-1/2

[Event "New Delhi op 20th"]
[Site "New Delhi"]
[Date "2023.03.25"]
[Round "4"]
[White "Anilkumar, OT."]
[Black "Paichadze, Luka"]
[Result "0-1"]
[WhiteElo "1840"]
[BlackElo "2515"]
[PlyCount "136"]
[EventDate "2023.03.23"]
[EventType "swiss"]
[EventRounds "10"]
[EventCountry "IND"]
[SourceTitle "CBM 213 Extra"]
[Source "ChessBase"]
[SourceDate "2023.05.31"]
[SourceVersion "1"]
[SourceVersionDate "2023.05.31"]
[SourceQuality "1"]

1. d4 Nf6 2. Nf3 e6 3. Bf4 d5 4. e3 Bd6 5. c3 0-0 6. Bd3 c5 7. Nbd2 Nc6 8. Bg3 Qe7 9. Ne5 Nd7 10. f4 f5 11. Ndf3 Nf6 12. Bh4 Qe8 13. 0-0 Ne4 14. Kh1 Nxe5 15. Rg1 Bd7 16. dxe5 Be7 17. Qe2 Bxh4 18. Nxh4 Qh5 19. g3 Qh6 20. Bxe4 fxe4 21. Rad1 Bc6 22. h3 a5 23. Kh2 Kh8 24. Qg4 Be8 25. Rd2 b5 26. Ng2 Bc6 27. h4 Be8 28. Qg5 Qh5 29. Qxh5 Bxh5 30. Kh3 Bg6 31. g4 h5 32. gxh5 Bxh5 33. Ne1 Kh7 34. Rg5 g6 35. f5 Rxf5 36. Ng2 Raf8 37. a4 b4 38. cxb4 cxb4 39. Rxf5 Rxf5 40. Kg3 Rxe5 41. Nf4 b3 42. Rf2 Bf3 43. Nh3 Kg7 44. Ng5 Kf6 45. Rf1 Ke7 46. Rc1 Rf5 47. Rc7+ Kd6 48. Ra7 Be2 49. Rxa5 Bd3 50. Ra7 Rf1 51. Rb7 Re1 52. Rb6+ Kc5 53. a5 Rxe3+ 54. Kf4 Re2 55. Rxb3 d4 56. a6 Bxa6 57. Nxe4+ Kd5 58. Nf6+ Kc4 59. Rb6 e5+ 60. Kf3 Re3+ 61. Kf2 Bb5 62. Ng4 Re4 63. Rxg6 d3 64. Ne3+ Kb3 65. Rg4 Rxg4 66. Nxg4 d2 67. Ne3 Kxb2 68. h5 Kc1 0-1